قصائد حب/ (Record no. 12578)
[ view plain ]
| 000 -LEADER | |
|---|---|
| fixed length control field | 00552nam a22001577a 4500 |
| 008 - FIXED-LENGTH DATA ELEMENTS--GENERAL INFORMATION | |
| fixed length control field | 090813t xxu||||| |||| 00| 0 eng d |
| 020 ## - INTERNATIONAL STANDARD BOOK NUMBER | |
| International Standard Book Number | 9770186589 |
| 040 ## - CATALOGING SOURCE | |
| Original cataloging agency | EG-ScBUE |
| 082 00 - DEWEY DECIMAL CLASSIFICATION NUMBER | |
| Classification number | 892.717 |
| Item number | ج و ي |
| Edition number | 22 |
| 245 ## - TITLE STATEMENT | |
| Title | قصائد حب/ |
| Statement of responsibility, etc | فاروق جويدة |
| 260 ## - PUBLICATION, DISTRIBUTION, ETC. (IMPRINT) | |
| Place of publication, distribution, etc | القاهرة: |
| Name of publisher, distributor, etc | الهيئة المصرية العامة للكتاب، |
| Date of publication, distribution, etc | 2003 |
| 300 ## - PHYSICAL DESCRIPTION | |
| Extent | ؛ 209 ص |
| Dimensions | 19 سم |
| 490 ## - Series Statement | |
| Series statement | الأعمال الابداعية |
| 650 ## - SUBJECT ADDED ENTRY--TOPICAL TERM | |
| 9 (RLIN) | 8018 |
| Topical term or geographic name as entry element | الشعر العربى - دوادوين وقصائد |
| 942 ## - ADDED ENTRY ELEMENTS (KOHA) | |
| Source of classification or shelving scheme | Dewey Decimal Classification |
| Item type | Book - Borrowing |
| Call number prefix | 892.717 ج و ي |
| Withdrawn status | Item status | Source of classification or shelving scheme | Materials specified (bound volume or other part) | Damaged status | Not for loan | Vendor | Home library | Current library | Shelving location | Date acquired | Source of acquisition | Total Checkouts | Total Renewals | Full call number | Barcode | Date last seen | Date last borrowed | Koha item type |
|---|---|---|---|---|---|---|---|---|---|---|---|---|---|---|---|---|---|---|
| Lost | Dewey Decimal Classification | Lost In Inventory_2015-8-23 | Alef-Baa | Central Library | Central Library | Second Floor | 13/08/2009 | 6 | 1 | 892.717 ج و ي | 000017894 | 24/06/2013 | 12/02/2013 | Book - Borrowing | ||||
| Dewey Decimal Classification | Alef-Baa | Central Library | Central Library | Second Floor | 13/08/2009 | 5 | 3 | 892.717 ج و ي | 000017893 | 15/07/2025 | 21/01/2021 | Book - Borrowing |